000 00493nam a2200169Ia 4500
008 090711s9999 xx 000 0 und d
082 _b75520
100 _aभट विठ्ठलराय
245 _aआम्ही हे असे
260 _c1993
300 _a82
600 _aभट विठ्ठलराय
630 _aआम्ही हे असे
700 _aभट विठ्ठलराय
730 _aआम्ही हे असे
942 _cBOOK
999 _c300487
_d300487